000 00620nam a2200193 a 4500
005 20210219151111.0
008 991125s1954 mx 000 0 spa u
035 _aUPN01000027675
049 _aCG
050 4 _aLB2002 A148
_bM5.3
100 1 _aMiramontes, Leonardo
245 1 0 _aHimno de la Escuela Nacional de Maestros 1917-1954 /
_cLeonardo Miramontes.
260 _aMéxico :
_bENM,
_c1954.
300 _a[2] h.
_e
500 _aDisponible en Colección Medina
650 4 _aHIMNO DE LA ESCUELA NACIONAL DE MAESTROS
710 2 _aEscuela Nacional de Maestros (México)
_bDepartamento de Varones
905 _aLibro
999 _c27675
_d27675